Dutton v Bognor Regis Urban District Council (Record no. 74615)
[ view plain ]
| 000 -LEADER | |
|---|---|
| fixed length control field | 01304cam a2200241 4500 |
| 001 - CONTROL NUMBER | |
| control field | ABS12901 |
| 008 - FIXED-LENGTH DATA ELEMENTS--GENERAL INFORMATION | |
| fixed length control field | 041122n1971 000 0 eng u |
| 035 ## - SYSTEM CONTROL NUMBER | |
| System control number | (Sirsi) u128078 |
| 245 ## - TITLE STATEMENT | |
| Title | Dutton v Bognor Regis Urban District Council |
| 260 ## - PUBLICATION, DISTRIBUTION, ETC. | |
| Date of publication, distribution, etc. | 1971 |
| 490 ## - SERIES STATEMENT | |
| Series statement | All England Law Reports |
| Volume/sequential designation | [1971] 2 All ER 1003-1010(8) |
| 520 ## - SUMMARY, ETC. | |
| Summary, etc. | QBD, 7 April 1971. Discussed a local authority's liability for damages caused by defective works approved by an inspector. B's inspector had approved works on the excavations for the foundations and the damp-proof course of a new house, which subsequently deteriorated due to subsidence. D, the second owner, sought damages from B on the grounds that the work should not have been approved as it did not comply with the bye-laws. "Held": B owed a duty of care to D and was liable for the inspector's negligence |
| 650 ## - SUBJECT ADDED ENTRY--TOPICAL TERM | |
| Topical term or geographic name entry element | BROWN V T AND E C COTTERALL |
| 650 ## - SUBJECT ADDED ENTRY--TOPICAL TERM | |
| Topical term or geographic name entry element | CLAY V A J CRUMP AND SONS LTD |
| 650 ## - SUBJECT ADDED ENTRY--TOPICAL TERM | |
| Topical term or geographic name entry element | DONOGHUE V STEVENSON |
| 650 ## - SUBJECT ADDED ENTRY--TOPICAL TERM | |
| Topical term or geographic name entry element | DUTTON V BOGNOR REGIS DC |
| 650 ## - SUBJECT ADDED ENTRY--TOPICAL TERM | |
| Topical term or geographic name entry element | GALLAGHER V MCDOWELL LTD |
| 650 ## - SUBJECT ADDED ENTRY--TOPICAL TERM | |
| Topical term or geographic name entry element | GROTE V CHESTER AND HOLYHEAD RAILWAY COMPANY |
| 650 ## - SUBJECT ADDED ENTRY--TOPICAL TERM | |
| Topical term or geographic name entry element | MCCLELLAND V MANCHESTER CORPORATION |
| 650 ## - SUBJECT ADDED ENTRY--TOPICAL TERM | |
| Topical term or geographic name entry element | SHARPE V E T SWEETING AND SON LTD |
| 690 ## - LOCAL SUBJECT ADDED ENTRY--TOPICAL TERM (OCLC, RLIN) | |
| Topical term or geographic name as entry element | BUILDING AND CONSTRUCTION-REGULATION AND CONTROL-CASE LAW |
| 942 ## - ADDED ENTRY ELEMENTS (KOHA) | |
| Suppress in OPAC | 0 |
| Withdrawn status | Lost status | Source of classification or shelving scheme | Damaged status | Not for loan | Home library | Current library | Shelving location | Date acquired | Total Checkouts | Full call number | Barcode | Date last seen | Copy number | Price effective from | Koha item type |
|---|---|---|---|---|---|---|---|---|---|---|---|---|---|---|---|
| Dewey Decimal Classification | London | London | Journal article | 22/11/2004 | ABS12901 | 128078-1001 | 06/08/2019 | 1 | 06/08/2019 | Law report |